Southville International School and Colleges
Your cart is empty.
  • Cart
  • Lists
    Public lists Eva Luna New books Lux_list list_1
    Your lists Log in to create your own lists
  • Log in to your account
  • Your cookies
  • Search history
Southville International School and Colleges
  • Advanced search
  • Recent comments
  • Most popular
  • Libraries

Log in to your account

Log in with GOOGLE


If you do not have an external account, but do have a local account, you can still log in:

  1. Home
  2. MARC view: General, organic, and biochemistry /
Normal view MARC view ISBD view

General, organic, and biochemistry / (Record no. 15446)

[ view plain ]
MARC details
000 -LEADER
fixed length control field 01328cam a22003734a 4500
001 - CONTROL NUMBER
control field 14939958
003 - CONTROL NUMBER IDENTIFIER
control field PILC
005 - DATE AND TIME OF LATEST TRANSACTION
control field 20151008082750.0
008 - FIXED-LENGTH DATA ELEMENTS--GENERAL INFORMATION
fixed length control field 070724s2008 iaua 001 0 eng
010 ## - LIBRARY OF CONGRESS CONTROL NUMBER
LC control number 2007030779
020 ## - INTERNATIONAL STANDARD BOOK NUMBER
International Standard Book Number 9780073511108 (hard copy : alk. paper)
020 ## - INTERNATIONAL STANDARD BOOK NUMBER
International Standard Book Number 9780071278744
020 ## - INTERNATIONAL STANDARD BOOK NUMBER
International Standard Book Number 0071278745
040 ## - CATALOGING SOURCE
Original cataloging agency DLC
Transcribing agency DLC
Modifying agency DLC
050 00 - LIBRARY OF CONGRESS CALL NUMBER
Classification number QD 253
Item number .D46 2008
082 00 - DEWEY DECIMAL CLASSIFICATION NUMBER
Classification number M 540
Item number D28 2008
100 1# - MAIN ENTRY--PERSONAL NAME
Personal name Denniston, K. J.
Fuller form of name (Katherine J.)
245 10 - TITLE STATEMENT
Title General, organic, and biochemistry /
Statement of responsibility, etc Denniston, Katherine J.
250 ## - EDITION STATEMENT
Edition statement 6th edition.
260 ## - PUBLICATION, DISTRIBUTION, ETC. (IMPRINT)
Place of publication, distribution, etc Dubuque, IA :
Name of publisher, distributor, etc McGraw-Hill,
Date of publication, distribution, etc 2008.
300 ## - PHYSICAL DESCRIPTION
Extent xxiii, 1 v. (various pagings) :
Other physical details illustrations ;
Dimensions 29 cm.
500 ## - GENERAL NOTE
General note Includes index.
526 ## - STUDY PROGRAM INFORMATION NOTE
Reading level 1210L to 1700L
562 ## - COPY AND VERSION IDENTIFICATION NOTE
Number of copies for circulation. 1 copy available in the collection
650 #0 - SUBJECT ADDED ENTRY--TOPICAL TERM
Topical term or geographic name as entry element Chemistry, Organic
Form subdivision Textbooks.
650 #0 - SUBJECT ADDED ENTRY--TOPICAL TERM
Topical term or geographic name as entry element Biochemistry
Form subdivision Textbooks.
700 1# - ADDED ENTRY--PERSONAL NAME
Personal name Topping, Joseph J.
700 1# - ADDED ENTRY--PERSONAL NAME
Personal name Caret, Robert L.,
Dates associated with a name 1947-
856 41 - ELECTRONIC LOCATION AND ACCESS
Materials specified Table of contents only
Uniform Resource Identifier <a href="http://www.loc.gov/catdir/toc/ecip0723/2007030779.html">http://www.loc.gov/catdir/toc/ecip0723/2007030779.html</a>
906 ## - LOCAL DATA ELEMENT F, LDF (RLIN)
a 7
b cbc
c orignew
d 1
e ecip
f 20
g y-gencatlg
942 ## - ADDED ENTRY ELEMENTS (KOHA)
Source of classification or shelving scheme Library of Congress Classification
Koha item type Books
Call number prefix Foreign
Holdings
Withdrawn status Lost status Source of classification or shelving scheme Damaged status Home library Current library Shelving location Date acquired Total Checkouts Total Renewals Full call number Barcode Date last seen Date checked out Copy number Price effective from Koha item type Source of acquisition Sub Shelving location
    Library of Congress Classification   College Library College Library General Circulation Section 04/23/2012 1 2 QD 253 .D411 2008 C10626 05/15/2018 07/14/2014 1 11/14/2013 Books    
    Library of Congress Classification   College Library College Library General Circulation Section 10/08/2015     QD 253 .D46 2008 C20143 05/15/2018     10/08/2015 Books Donation  

General, organic, and biochemistry /

APA

Denniston K. J., Topping J. J. & Caret R. L. (2008). General, organic, and biochemistry. Dubuque, IA: McGraw-Hill.

Chicago

Denniston K J, Topping Joseph J and Caret Robert L. 2008. General, organic, and biochemistry. Dubuque, IA: McGraw-Hill.

Harvard

Denniston K. J., Topping J. J. and Caret R. L. (2008). General, organic, and biochemistry. Dubuque, IA: McGraw-Hill.

MLA

Denniston K J, Topping Joseph J and Caret Robert L. General, organic, and biochemistry. Dubuque, IA: McGraw-Hill. 2008.

  • Place hold
  • Print
  • Cite
  • Add to your cart (remove)
  • Save record
    BIBTEX Dublin Core MARCXML MARC (non-Unicode/MARC-8) MARC (Unicode/UTF-8) MARC (Unicode/UTF-8, Standard) MODS (XML) RIS
  • More searches
    Search for this title in:
    Other Libraries (WorldCat) Other Databases (Google Scholar) Online Stores (Bookfinder.com) Open Library (openlibrary.org)

Exporting to Dublin Core...

SOUTHVILLE LIBRARY

Southville International School and Colleges Library

1281 Tropical Ave. Cor. Luxembourg St., BF Homes International, Las Pinas City

Tel. No. 8256374 / 252358 Loc. 117/146

Powered by Koha